MARC details
| 000 -LEADER |
| fixed length control field |
01393nam a2200217 a 4500 |
| 008 - FIXED-LENGTH DATA ELEMENTS--GENERAL INFORMATION |
| fixed length control field |
201028s2018 ||||||||||||||||| || u |
| 020 ## - INTERNATIONAL STANDARD BOOK NUMBER |
| International Standard Book Number |
9780323430708 |
| 050 ## - LIBRARY OF CONGRESS CALL NUMBER |
| Classification number |
RB 115 Buc |
| 100 ## - MAIN ENTRY--PERSONAL NAME |
| Personal name |
Buck, Carol J |
| 245 10 - TITLE STATEMENT |
| Title |
2018 ICD - 10 - CM |
| Statement of responsibility, etc. |
By Carol J. Buck |
| 260 ## - PUBLICATION, DISTRIBUTION, ETC. |
| Place of publication, distribution, etc. |
St Louis |
| Name of publisher, distributor, etc. |
Elsevier |
| Date of publication, distribution, etc. |
2018 |
| 300 ## - PHYSICAL DESCRIPTION |
| Extent |
xxxii, 1534 pages: illustrations |
| 350 ## - |
| -- |
133.03 |
| 650 ## - SUBJECT ADDED ENTRY--TOPICAL TERM |
| Topical term or geographic name entry element |
NOSOLOGY--HANDBOOKS, MANUALS ETC |
| 650 ## - SUBJECT ADDED ENTRY--TOPICAL TERM |
| Topical term or geographic name entry element |
MEDICAL RECORDS--CLASSIFICATION |
| 995 ## - |
| -- |
MEDICAL LIBRARY OPEN ACCESS |
| -- |
904938 |
| -- |
CBU-SCHOOL OF MEDICINE LIBRARY (Ndola) |
| -- |
133.03 |
| -- |
RB 115 Buc |
| -- |
3 |
| -- |
AVAILABLE |
| -- |
Nov 5, 2020 |
| -- |
904938 |
| -- |
Medical Library Open Access Collection |
| 995 ## - |
| -- |
MEDICAL LIBRARY OPEN ACCESS |
| -- |
904939 |
| -- |
CBU-SCHOOL OF MEDICINE LIBRARY (Ndola) |
| -- |
133.03 |
| -- |
RB 115 Buc |
| -- |
4 |
| -- |
AVAILABLE |
| -- |
Nov 5, 2020 |
| -- |
904939 |
| -- |
Medical Library Open Access Collection |
| 995 ## - |
| -- |
MEDICAL LIBRARY OPEN ACCESS |
| -- |
904937 |
| -- |
CBU-SCHOOL OF MEDICINE LIBRARY (Ndola) |
| -- |
133.03 |
| -- |
RB 115 Buc |
| -- |
2 |
| -- |
AVAILABLE |
| -- |
Nov 5, 2020 |
| -- |
904937 |
| -- |
Medical Library Open Access Collection |
| 995 ## - |
| -- |
MEDICAL LIBRARY OPEN ACCESS |
| -- |
904940 |
| -- |
CBU-SCHOOL OF MEDICINE LIBRARY (Ndola) |
| -- |
133.03 |
| -- |
RB 115 Buc |
| -- |
5 |
| -- |
AVAILABLE |
| -- |
Nov 5, 2020 |
| -- |
904940 |
| -- |
Medical Library Open Access Collection |
| 995 ## - |
| -- |
MEDICAL LIBRARY OPEN ACCESS |
| -- |
904936 |
| -- |
CBU-SCHOOL OF MEDICINE LIBRARY (Ndola) |
| -- |
133.03 |
| -- |
RB 115 Buc |
| -- |
1 |
| -- |
AVAILABLE |
| -- |
Nov 5, 2020 |
| -- |
904936 |
| -- |
Medical Library Open Access Collection |
| 999 ## - |
| -- |
63637 |
| -- |
63637 |